Представление документа в формате RUSMARC

ПолеНазваниеЗначение
  Тип записи a
  Библиографический уровень c
001 Контрольный номер ebb5e4b2ba7347c2bfb97d2bcd3bff49
005 Дата корректировки 20260618110422.6
010 Индекс ISBN __
a ISBN 5-300-00459-6
d Цена 1665-37
100 Данные общей обработки __
a Данные общей обработки 20220526d2021 c y0rusy028902 ca
101 Язык документа 0_
a Язык текста rus
102 Страна публикации __
a Страна публикации RU
105 Кодированные данные (монография) __
a Кодированные данные (монография) y z 000ay
181 Поле кодированных данных: вид содержания _0
a Код вида содержания (ISBD) i
182 Поле кодированных данных: тип средства _0
a Код типа средства (ISBD) n
200 Заглавие и сведения об ответственности 1_
a Заглавие Сказки и легенды
f Первые сведения об ответственности Редьярд Киплинг
203 Вид содержания и тип средства __
a Вид содержания Текст
c Тип средства непосредственный
210 Выходные данные 1_
a Место издания Москва
c Издательство Чинар
d Дата издания 2021
215 Физическое описание __
a Объем 171 с.
d Формат 21 см
225 Серия 2_
a Серия Круг чтения
e Сведения, относящиеся к заглавию серии издание для слабовидящих
330 Аннотация __
a Аннотация В "Сказках и легендах" перед читателем предстает парадоксальный мир киплинговых фантазий, будоражащих воображение.
333 Примечание о целевом назначении __
a Примечание о целевом назначении 6+. Для детей старше шести лет
464 Аналитический уровень _0
1 2001
a Почему кит ест только мелких рыбок
464 Аналитический уровень _0
1 2001
a Как на спине верблюда появился горб
464 Аналитический уровень _0
1 2001
a Как на коже носорога появились складки
464 Аналитический уровень _0
1 2001
a Как леопард стал пятнистым
464 Аналитический уровень _0
1 2001
a Слон-дитя
464 Аналитический уровень _0
1 2001
a Просьба старого кенгуру
464 Аналитический уровень _0
1 2001
a Как появились броненосцы
464 Аналитический уровень _0
1 2001
a Как было написано первое письмо
464 Аналитический уровень _0
1 2001
a Как была составлена первая азбука
464 Аналитический уровень _0
1 2001
a Морской краб, который играл с морем
464 Аналитический уровень _0
1 2001
a Кот, который гулял, где хотел
464 Аналитический уровень _0
1 2001
a Мотылек, который топнул ногой
606 Тематические рубрики __
2 Код системы nlr_sh
a Основная рубрика Художественная литература
606 Тематические рубрики __
2 Код системы nlr_sh
a Основная рубрика Литература Европы (произведения)
y Географическая подрубрика Великобритания
610 Ключевые слова 0_
a Ключевые слова зарубежная литература
610 Ключевые слова 0_
a Ключевые слова иностранная литература
610 Ключевые слова 0_
a Ключевые слова детская литература
610 Ключевые слова 0_
a Ключевые слова классическая литература
610 Ключевые слова 0_
a Ключевые слова детская классическая литература
610 Ключевые слова 0_
a Ключевые слова современная литература
610 Ключевые слова 0_
a Ключевые слова английская литература
610 Ключевые слова 0_
a Ключевые слова сказки
610 Ключевые слова 0_
a Ключевые слова легенды
610 Ключевые слова 0_
a Ключевые слова чтение для слабовидящих
610 Ключевые слова 0_
a Ключевые слова книги для незрячих
686 Индексы других классификаций __
2 Код системы rubbks
a Классификационный индекс ст84(4Вел)-4я0
700 Автор _1
a Фамилия Киплинг
b Имя Р.
f Даты 1865-1936
g Полное личное имя Редьярд
4 Код отношения 070
801 Источник записи _0
a Страна RU
b Организация Муниципальное бюджетное учреждение культуры "Централизованная библиотечная система" г. Сургут (Центральная городская библиотека им. А. С. Пушкина)
c Дата составления 20220527
g Правила каталогизации PSBO
801 Источник записи _1
a Страна RU
b Организация Муниципальное бюджетное учреждение культуры "Централизованная библиотечная система" г. Сургут (Центральная городская библиотека им. А. С. Пушкина)
c Дата составления 20220527
g Правила каталогизации PSBO
852 Данные о местонахождении __
i Авторский знак К 42
j Шифр хранения ст84(4Вел)-4я0
900 Макрообъекты __
a Макрообъекты Сказки и легенды (для слабовидящих). Р. Киплинг, 2021
901 Тип документа __
a Ответственный КиК/Обаева
t Тип документа x
903 Характеристики (МАРС) __
a Дата передачи 20220527
c Наименование библиотеки (МАРС) Муниципальное бюджетное учреждение культуры "Централизованная библиотечная система" г. Сургут (Центральная городская библиотека им. А. С. Пушкина)
969 Тип издания __
a Тип издания спецформат
a Тип издания издание для слепых
a Тип издания издание для детей
a Тип издания крупношрифтовое издание
990 Данные о заказе (DOS) __
j Количество экземпляров (DOS) 1
t N записи в КСУ для И/У (DOS) 202206